Types of Glaciers - Statistics

General Stats
  • This quiz has been taken 6 times
  • The average score is 5 of 9
Answer Stats
Hint Answer % Correct
Low latitude and high altitude. Alpine
100%
Low altitude and high latitude. Continental
80%
As the glacier above descends into a valley below Valley
80%
A continental glacier under 50,000 square kilometers Ice cap
60%
The only two still in the world are Antarctica and Greenland. Ice sheet
60%
A "baby" glacier enclosed in a bowl shaped depression within a mountain. Cirque
40%
As the glacier above spreads out on a low lying plain Piedmont
40%
A large interconnected expanse of glacial ice in a mountain region. Ice field
20%
A glacier that flows out of a Continental glacier Outlet
20%
No matching quizzes found
Score Distribution
Percent of People with Each Score
Percentile by Number Answered
Your Score History
You have not taken this quiz